[Event "Staufer op 31st"]
[Site "Schwaebisch Gmuend"]
[Date "2019.01.02"]
[Round "1"]
[White "Farmani Anosheh, Yasha"]
[Black "Skembris, Spyridon"]
[Result "0-1"]
[WhiteElo "2147"]
[BlackElo "2386"]
[PlyCount "38"]
[EventDate "2019.01.02"]
[EventType "swiss"]
[EventRounds "9"]
[EventCountry "GER"]
[SourceTitle "CBM 188 Extra"]
[Source "ChessBase"]
[SourceDate "2019.02.26"]
[SourceVersion "1"]
[SourceVersionDate "2019.02.26"]
[SourceQuality "1"]

1. Nf3 g6 2. e4 Bg7 3. d4 c6 4. Nc3 d5 5. h3 Nf6 6. e5 Ne4 7. Nxe4 dxe4 8. Ng5 c5 9. Bb5+ Nc6 10. 0-0 cxd4 11. Nxe4 Qd5 12. Qe2 Qxe5 13. f4 Qc7 14. Ng5 0-0 15. Bd2 Bf5 16. Bc4 h6 17. g4 Bxc2 18. Nxf7 Kh7 19. h4 e6 0-1

[Event "Staufer op 31st"]
[Site "Schwaebisch Gmuend"]
[Date "2019.01.02"]
[Round "2"]
[White "Skembris, Spyridon"]
[Black "Suvorov, Luca"]
[Result "1-0"]
[WhiteElo "2386"]
[BlackElo "2181"]
[PlyCount "83"]
[EventDate "2019.01.02"]
[EventType "swiss"]
[EventRounds "9"]
[EventCountry "GER"]
[SourceTitle "CBM 188 Extra"]
[Source "ChessBase"]
[SourceDate "2019.02.26"]
[SourceVersion "1"]
[SourceVersionDate "2019.02.26"]
[SourceQuality "1"]

1. c4 e6 2. g3 d5 3. Nf3 dxc4 4. Qa4+ Nd7 5. Bg2 a6 6. Qxc4 b5 7. Qc2 Bb7 8. 0-0 Ngf6 9. b3 c5 10. Bb2 Be7 11. d3 0-0 12. Nbd2 Rc8 13. Rac1 Nd5 14. a3 Bf6 15. Ne4 Bxb2 16. Qxb2 Qe7 17. Ne5 Rfd8 18. Nxd7 Rxd7 19. Rc2 f5 20. Nd2 Nb6 21. Rfc1 Bxg2 22. Kxg2 Rdc7 23. Nf3 Qd6 24. Qe5 Qxe5 25. Nxe5 Nd5 26. Kf3 g6 27. e4 Nf6 28. Ke3 fxe4 29. dxe4 Kf8 30. h3 Ke7 31. f4 Nd7 32. Nd3 a5 33. g4 c4 34. bxc4 Nb6 35. Ne5 g5 36. c5 gxf4+ 37. Kxf4 Nd7 38. Nxd7 Rxd7 39. Rb1 Rd3 40. Rxb5 Kf6 41. c6 Rxh3 42. g5+ 1-0